Substrate surface preparation handbook (Record no. 141860)
[ view plain ]
| 000 -LEADER | |
|---|---|
| fixed length control field | 01223nam a2200313 a 4500 |
| 100 1# - MAIN ENTRY--AUTHOR NAME | |
| Personal name | Robertson, Max. |
| 245 10 - TITLE STATEMENT | |
| Title | Substrate surface preparation handbook |
| 260 ## - PUBLICATION, DISTRIBUTION, ETC. (IMPRINT) | |
| Place of publication | Boston : |
| Name of publisher | Artech House, |
| Year of publication | 2012. |
| 300 ## - PHYSICAL DESCRIPTION | |
| Number of Pages | 195 p. : |
| Other physical details | ill. |
| 490 1# - SERIES STATEMENT | |
| Series statement | Artech House applied photonics series |
| 650 #0 - SUBJECT ADDED ENTRY--TOPICAL TERM | |
| Topical Term | Optical materials |
| Topical Term | Glass grinding and polishing. |
| 856 40 - ELECTRONIC LOCATION AND ACCESS | |
| Uniform Resource Identifier | http://site.ebrary.com/lib/rucke/Doc?id=10522165 |
No items available.
